| 000 | 01014nam a22002537a 4500 | ||
|---|---|---|---|
| 005 | 20170123164148.0 | ||
| 010 | _aB-123993 | ||
| 020 |
_a8171164064 _c100.00 |
||
| 035 | _aB-123993 | ||
| 037 | _bCen Lib/Ret | ||
| 040 |
_aDPL _bPN |
||
| 082 |
_aਕ _bਰਾਹੀਔੱ |
||
| 100 |
_aਰਾਹੀ, ਐੱਮ ਕੇ. _943944 |
||
| 245 |
_aਤਾਏ ਨਿਹਾਲੇ ਦਾ ਜਨ-ਸੰਪਰਕ / _cਅੈੱਮ ਕੇ.ਰਾਹੀ |
||
| 246 |
_aTaae nihale da jan-sampark : Humorous stories/ _bby M. K. Rahi |
||
| 260 |
_aਦਿੱਲੀ _bਨੈਸ਼ਨਲ ਬੁਕ ਸ਼ਾਪ _c2005 |
||
| 270 |
_aਪਲੱਈਅਰ ਗਾਰਡਨ ਮਾਰਕਿਟ, ਚਾਂਦਨੀ ਚੌਂਕ _bਦਿੱਲੀ _e110006 |
||
| 300 |
_a96p ; _c20cm |
||
| 650 |
_aਪੰਜਾਬੀ ਕਹਾਣੀਆ _9141242 |
||
| 650 |
_aਸਾਹਿਤ -- ਪੰਜਾਬੀ _9141243 |
||
| 650 |
_aPunjabi - literature _9141244 |
||
| 650 |
_aPunjabi -- story _9141245 |
||
| 942 |
_2ddc _cPN _hਕ _mਰਾਹੀਔੱ |
||
| 999 |
_c110136 _d110136 |
||